[Event "Challenge"]
[Site "http://www.queenalice.com/game.php?id=1399769"]
[Date "2015.12.21"]
[Round "-"]
[White "johnrbrown"]
[Black "Starwind"]
[Result "0-1"]
[WhiteElo "2225"]
[BlackElo "2264"]

1. e4 c6 2. d4 d5 3. Nc3 dxe4 4. f3 exf3 5. Nxf3 Nf6 6. Bc4 Bf5 7. Ne5 e6 8. O-O
Bg6 9. Be3 Nbd7 10. Bd3 Nxe5 11. dxe5 Nd7 12. Bd4 Qh4 13. Bf2 Bc5 14. Bxc5 Nxc5
15. Bxg6 hxg6 16. h3 Qg3 17. Rf3 Qxe5 18. Qf1 Qd4+ 19. Kh1 O-O 20. Rd1 Qh4 21.
Rf4 Qe7 22. Qf2 Rad8 23. Re1 a6 24. a3 Nd7 25. Rc4 Nf6 26. Qh4 Qc7 27. Ne4 Nxe4
28. Rcxe4 Rd2 29. R4e2 Rxe2 30. Rxe2 Rd8 31. Qe1 b5 0-1

[Event "AUTO-OPEN-3587"]
[Site "http://www.queenalice.com/game.php?id=1400508"]
[Date "2015.12.26"]
[Round "1"]
[White "mvson33"]
[Black "Starwind"]
[Result "0-1"]
[WhiteElo "2029"]
[BlackElo "2338"]

1. e4 c6 2. d4 d5 3. exd5 cxd5 4. Nf3 Nf6 5. Be2 Nc6 6. O-O Bg4 7. c3 e6 8. Bg5
Bd6 9. Nbd2 h6 10. Be3 O-O 11. Nb3 Qc7 12. h3 Bf5 13. Bd3 Rac8 14. Bxf5 exf5 15.
Qc2 Ne4 16. Rfe1 Rfe8 17. Re2 f4 18. Bd2 Nb4 19. Qb1 Qc4 20. Qf1 Nd3 21. Bc1 Re6
22. Ne5 Bxe5 23. dxe5 Rxe5 24. Na5 Qa6 25. Nb3 Qg6 26. Nd4 Rce8 27. Nf3 R5e7 28.
Qd1 Nexf2 29. Qf1 Nxh3+ 30. Kh2 Qg3+ 31. Kh1 Rxe2 0-1

[Event "AUTO-OPEN-3587"]
[Site "http://www.queenalice.com/game.php?id=1400509"]
[Date "2015.12.26"]
[Round "1"]
[White "Starwind"]
[Black "mvson33"]
[Result "1-0"]
[WhiteElo "2306"]
[BlackElo "1977"]

1. e4 d5 2. exd5 Qxd5 3. Nc3 Qa5 4. d4 c6 5. Nf3 Bf5 6. Bd3 Bxd3 7. Qxd3 Nf6 8.
O-O Nbd7 9. Bf4 e6 10. Ne5 Be7 11. Nc4 Qd8 12. Nd6+ Bxd6 13. Bxd6 Nb6 14. Be5
O-O 15. Rfe1 Rc8 16. h3 Nbd5 17. Ne2 Nd7 18. Bd6 Re8 19. c4 N5f6 20. c5 Nd5 21.
Nc3 N7f6 22. Be5 Qe7 23. Qg3 Kh8 24. Nxd5 cxd5 25. b4 Rg8 26. a4 Ne4 27. Qe3 f6
28. Bh2 b6 29. f3 Ng5 30. h4 1-0

[Event "AUTO-OPEN-3587"]
[Site "http://www.queenalice.com/game.php?id=1400532"]
[Date "2015.12.26"]
[Round "1"]
[White "rmvwoods"]
[Black "Starwind"]
[Result "0-1"]
[WhiteElo "2196"]
[BlackElo "2359"]

1. d4 Nf6 2. c4 e6 3. Nf3 b6 4. g3 Bb7 5. Bg2 Be7 6. O-O O-O 7. Nc3 Ne4 8. Qd3
Nxc3 9. Qxc3 c5 10. b3 Bf6 11. Rd1 d6 12. Bb2 Qe7 13. Qc2 Nc6 14. e3 Rfd8 15. a3
Rac8 16. d5 exd5 17. cxd5 Ne5 18. Nxe5 Bxe5 19. Bxe5 Qxe5 20. e4 Re8 21. f3 Qg5
22. Qd2 Qxd2 23. Rxd2 g6 24. Kf2 Kg7 25. h4 Rc7 26. g4 f5 27. Re1 Rce7 28. gxf5
gxf5 29. Rde2 Ba6 30. Re3 f4 31. Rc3 Kf6 32. Bh3 Rg7 33. Rg1 Rxg1 34. Kxg1 Ke5
35. Kf2 Kd4 36. Rc1 Bd3 37. Bf5 b5 38. Bd7 Rb8 39. Rg1 c4 40. b4 c3 41. Rc1 c2
42. h5 Kc3 43. Ke1 Rg8 44. Bg4 Bxe4 0-1

[Event "AUTO-OPEN-3587"]
[Site "http://www.queenalice.com/game.php?id=1400533"]
[Date "2015.12.26"]
[Round "1"]
[White "Starwind"]
[Black "rmvwoods"]
[Result "1-0"]
[WhiteElo "2329"]
[BlackElo "2105"]

1. e4 c5 2. Nf3 d6 3. d4 cxd4 4. Nxd4 Nf6 5. Nc3 Nc6 6. Bg5 e6 7. Qd2 Be7 8.
O-O-O O-O 9. f4 h6 10. Bh4 Nxe4 11. Bxe7 Nxd2 12. Bxd8 Nxf1 13. Nxc6 Ne3 14.
Ne7+ Kh7 15. Rxd6 Nxg2 16. Rf1 b6 17. Nxc8 Rxc8 18. Be7 Rfe8 19. Rd7 Ne3 20. Rf3
Nf5 21. Ba3 f6 22. Rxa7 Red8 23. Be7 Nxe7 24. Rxe7 Rc6 25. Ne4 Kg6 26. f5+ exf5
27. Rg3+ Kh5 28. Rexg7 Kh4 29. Nf2 1-0

[Event "AUTO-OPEN-3588"]
[Site "http://www.queenalice.com/game.php?id=1400737"]
[Date "2015.12.27"]
[Round "1"]
[White "jupar"]
[Black "Starwind"]
[Result "0-1"]
[WhiteElo "1973"]
[BlackElo "2288"]

1. d4 d5 2. c4 c6 3. Nc3 Nf6 4. Nf3 e6 5. Bf4 Bd6 6. Ne5 dxc4 7. e4 b5 8. a3 O-O
9. Be2 Qc7 10. Bg3 Bb7 11. O-O a6 12. h3 c5 13. Nxf7 Bxg3 14. Nh6+ gxh6 15. fxg3
Qxg3 16. Bf3 Nc6 17. d5 Nd4 18. Ne2 Nxf3+ 19. Rxf3 Qe5 20. Nc3 exd5 21. exd5 b4
22. axb4 cxb4 23. Ne2 Nxd5 24. Rxf8+ Rxf8 25. Qd2 Ne3 26. Qxb4 Qd5 0-1

[Event "AUTO-OPEN-3588"]
[Site "http://www.queenalice.com/game.php?id=1400738"]
[Date "2015.12.27"]
[Round "1"]
[White "Starwind"]
[Black "jupar"]
[Result "1-0"]
[WhiteElo "2355"]
[BlackElo "2036"]

1. e4 e5 2. Nf3 Nc6 3. Bb5 d6 4. d4 exd4 5. Nxd4 Bd7 6. Nc3 Nf6 7. O-O Be7 8.
Re1 O-O 9. Bxc6 bxc6 10. Qf3 Re8 11. h3 a5 12. Bf4 Bf8 13. e5 Nd5 14. Nxd5 cxd5
15. Qxd5 Be6 16. Nxe6 fxe6 17. Qc6 d5 18. Re3 Qe7 19. c4 dxc4 20. Rc1 Qb4 21.
Rc2 c3 22. Re4 Qb6 23. Qxc3 c5 24. Be3 Qc6 25. Rc4 Rec8 26. Bxc5 Bxc5 27. Rxc5
Qxc5 28. Qxc5 Rxc5 29. Rxc5 Kf7 30. a4 h6 31. g4 Ra7 32. f4 g5 33. f5 exf5 34.
gxf5 h5 35. Kg2 Kg7 36. Kf3 Kf7 37. f6 Ke6 38. Ke4 g4 39. Rc6+ Kf7 40. Kf5 gxh3
41. e6+ Kg8 42. Kg6 Ra8 43. e7 h2 44. f7+ 1-0

[Event "AUTO-OPEN-3588"]
[Site "http://www.queenalice.com/game.php?id=1400767"]
[Date "2015.12.27"]
[Round "1"]
[White "Starwind"]
[Black "pizzaiolo72"]
[Result "1-0"]
[WhiteElo "2294"]
[BlackElo "2109"]

1. Nf3 Nf6 2. c4 g6 3. d4 c5 4. Nc3 cxd4 5. Nxd4 Bg7 6. e4 d6 7. Be2 Nc6 8. Be3
O-O 9. O-O a6 10. Qd2 Bd7 11. f3 Nxd4 12. Bxd4 Bc6 13. b4 b6 14. a3 Nd7 15. Bxg7
Kxg7 16. f4 e6 17. Qxd6 Rc8 18. e5 Qc7 19. Rad1 Rfd8 20. Qe7 Re8 21. Qh4 f6 22.
c5 bxc5 23. Bxa6 cxb4 24. Bxc8 bxc3 25. Bxd7 Bxd7 26. exf6+ Kh8 27. f7 Qb6+ 28.
Kh1 1-0

[Event "AUTO-OPEN-3588"]
[Site "http://www.queenalice.com/game.php?id=1400768"]
[Date "2015.12.27"]
[Round "1"]
[White "pizzaiolo72"]
[Black "Starwind"]
[Result "0-1"]
[WhiteElo "1997"]
[BlackElo "2327"]

1. e4 e5 2. Nf3 Nc6 3. Bb5 a6 4. Ba4 Nf6 5. O-O Be7 6. d3 b5 7. Bb3 d6 8. h3 O-O
9. a3 Bb7 10. Nc3 Nd4 11. Nxd4 exd4 12. Nd5 Nxd5 13. Bxd5 Bxd5 14. exd5 c6 15.
dxc6 Qb6 16. Re1 Bf6 17. Qg4 Qxc6 18. Re2 Rfe8 19. Bf4 Rxe2 20. Qxe2 Re8 21. Qd2
h6 22. Rc1 Kh7 23. c3 dxc3 24. bxc3 d5 25. c4 bxc4 26. dxc4 dxc4 27. Qc2+ Qe4
28. Qxc4 Bb2 29. Rc2 Qxc4 30. Rxc4 Re1+ 31. Kh2 Bxa3 32. Ra4 Bc5 33. Kg3 g5 34.
Bc7 Re7 35. Bb8 Rb7 36. Be5 Rb3+ 37. f3 Rb6 38. Bc7 Rc6 39. Ba5 Kg6 40. h4 Bd6+
41. Kh3 Rc1 42. g3 Rg1 43. f4 gxf4 44. gxf4 Rb1 45. Bd8 Rb8 46. Ba5 Rb3+ 47. Kg2
Ra3 48. Rxa3 Bxa3 49. Kg3 Be7 50. Kg4 f5+ 51. Kg3 Kh5 0-1

[Event "AUTO-OPEN-3588"]
[Site "http://www.queenalice.com/game.php?id=1400769"]
[Date "2015.12.27"]
[Round "1"]
[White "Starwind"]
[Black "Retiarius"]
[Result "1-0"]
[WhiteElo "2349"]
[BlackElo "2095"]

1. d4 Nf6 2. c4 g6 3. Nc3 Bg7 4. e4 d6 5. Nf3 O-O 6. Be2 c6 7. O-O Nbd7 8. Qc2
Qc7 9. Be3 Ng4 10. Bg5 e5 11. d5 h6 12. Bd2 a5 13. a3 a4 14. h3 Ngf6 15. Be3 Nc5
16. Bxc5 dxc5 17. Rfd1 cxd5 18. cxd5 Ne8 19. Nb5 Qb6 20. Rac1 Bd7 21. Qxc5 Qxc5
22. Rxc5 Bxb5 23. Rxb5 Nd6 24. Rb4 Rfc8 25. Bb5 Nxb5 26. Rxb5 Rc7 27. d6 1-0

[Event "AUTO-OPEN-3588"]
[Site "http://www.queenalice.com/game.php?id=1400770"]
[Date "2015.12.27"]
[Round "1"]
[White "Retiarius"]
[Black "Starwind"]
[Result "0-1"]
[WhiteElo "2095"]
[BlackElo "2342"]

1. c4 e6 2. Nc3 d5 3. e3 Nf6 4. Nf3 c5 5. d4 Nc6 6. Bd3 dxc4 7. Bxc4 a6 8. a4
Be7 9. O-O O-O 10. d5 exd5 11. Nxd5 Nxd5 12. Bxd5 Qd6 13. e4 Be6 14. Be3 Rad8
15. Bxe6 Qxe6 16. Qc2 Nb4 17. Qe2 Qxe4 18. Nd2 Qc2 19. Qf3 b6 20. Rfc1 Qg6 21.
Nc4 Qe6 22. b3 f5 23. Rd1 f4 24. Bd2 Nc2 25. Rac1 Nd4 0-1

[Event "AUTO-ELITE-1914"]
[Site "http://www.queenalice.com/game.php?id=1508942"]
[Date "2017.12.21"]
[Round "1"]
[White "Starwind"]
[Black "Guilherme_Ottoni"]
[Result "1-0"]
[WhiteElo "2286"]
[BlackElo "2212"]

1. e4 e5 2. Nf3 Nc6 3. Bb5 a6 4. Ba4 Nf6 5. O-O Be7 6. d3 b5 7. Bb3 d6 8. a4 Bg4
9. c3 Na5 10. Bc2 c5 11. h3 Bxf3 12. Qxf3 O-O 13. axb5 axb5 14. Be3 Nc6 15. Nd2
b4 16. Nc4 Qc7 17. Bg5 h6 18. Bxf6 Bxf6 19. g3 Be7 20. Ne3 Rfb8 21. Bb3 Bg5 22.
Nd5 Qb7 23. Rxa8 Rxa8 24. Rb1 Na5 25. Qd1 Nc6 26. h4 Bd8 27. Ne3 g6 28. Ng4 h5
29. Nh6+ Kg7 30. Nxf7 bxc3 31. bxc3 Qe7 32. Qd2 Na5 33. Qh6+ 1-0

[Event "AUTO-ELITE-1914"]
[Site "http://www.queenalice.com/game.php?id=1508943"]
[Date "2017.12.21"]
[Round "1"]
[White "Guilherme_Ottoni"]
[Black "Starwind"]
[Result "0-1"]
[WhiteElo "2229"]
[BlackElo "2275"]

1. d4 Nf6 2. c4 e6 3. Nc3 Bb4 4. e3 O-O 5. Bd3 d5 6. cxd5 exd5 7. Ne2 Re8 8. a3
Bd6 9. f3 c5 10. O-O Nc6 11. Bc2 b6 12. Nb5 Bf8 13. Rf2 a6 14. Nbc3 Bb7 15. Qd3
g6 16. dxc5 bxc5 17. Nf4 c4 18. Qd1 d4 19. exd4 Nxd4 20. Ba4 Re5 21. Qf1 Qc7 22.
Bd2 Bc5 23. Kh1 Rd8 24. Qxc4 Nh5 25. Nxh5 Rxh5 26. f4 Nf5 27. h3 Bxf2 28. Ne4
Qxc4 0-1

[Event "AUTO-ELITE-1914"]
[Site "http://www.queenalice.com/game.php?id=1508944"]
[Date "2017.12.21"]
[Round "1"]
[White "Starwind"]
[Black "BEBADO"]
[Result "0-1"]
[WhiteElo "2296"]
[BlackElo "2391"]

1. e4 d5 2. exd5 Nf6 3. Nf3 Nxd5 4. d4 g6 5. c4 Nb6 6. Nc3 Bg7 7. c5 Nd5 8. Bc4
c6 9. O-O O-O 10. Re1 Bg4 11. Bg5 Bf6 12. Bh6 Bg7 13. Bg5 Bf6 14. h3 Bxf3 15.
Qxf3 Bxg5 16. Nxd5 cxd5 17. Qxd5 Qxd5 18. Bxd5 Nc6 19. Rad1 Rad8 20. Bf3 e6 21.
d5 exd5 22. Bxd5 Rfe8 23. Rxe8+ Rxe8 24. a3 a6 25. Bf3 Bf6 26. g3 Bxb2 27. a4
Re7 28. Rd5 Rc7 29. Be4 Ba3 30. Bg2 Na5 31. c6 Nxc6 32. h4 h5 33. Bh3 Ne7 34.
Rd2 b5 35. axb5 axb5 36. Rd3 b4 37. Kf1 Rc3 38. Ke2 Rxd3 39. Kxd3 b3 0-1

[Event "AUTO-ELITE-1914"]
[Site "http://www.queenalice.com/game.php?id=1508945"]
[Date "2017.12.21"]
[Round "1"]
[White "BEBADO"]
[Black "Starwind"]
[Result "0-1"]
[WhiteElo "2266"]
[BlackElo "2263"]

1. e4 e6 2. d3 d5 3. Nd2 c5 4. Ngf3 Nc6 5. g3 Nf6 6. Bg2 Be7 7. O-O O-O 8. e5
Nd7 9. Re1 b5 10. Nf1 a5 11. h4 Qb6 12. Bf4 Bb7 13. N1h2 a4 14. a3 Rfb8 15. Ng5
h6 16. Qh5 hxg5 17. hxg5 g6 18. Qh4 Nd4 0-1

[Event "AUTO-ELITE-1914"]
[Site "http://www.queenalice.com/game.php?id=1530362"]
[Date "2018.6.8"]
[Round "2"]
[White "Starwind"]
[Black "tucuman"]
[Result "1-0"]
[WhiteElo "2287"]
[BlackElo "2048"]

1. e4 e5 2. Nf3 Nf6 3. d4 exd4 4. e5 Qe7 5. Be2 Ne4 6. O-O Nc6 7. Re1 Nxe5 8.
Bb5 Nc6 9. Nxd4 Qf6 10. Rxe4+ Be7 11. Nc3 Nxd4 12. Nd5 Nf3+ 13. Kh1 Qd6 14.
Rxe7+ Kf8 15. Rxf7+ Kxf7 16. Qxf3+ Ke8 17. Qe4+ Qe6 18. Qxe6+ Kf8 19. Qe7+ 1-0

[Event "AUTO-ELITE-1914"]
[Site "http://www.queenalice.com/game.php?id=1530363"]
[Date "2018.6.8"]
[Round "2"]
[White "tucuman"]
[Black "Starwind"]
[Result "0-1"]
[WhiteElo "2063"]
[BlackElo "2292"]

1. d4 f5 2. Bf4 Nf6 3. Nf3 e6 4. e3 g6 5. c4 Bg7 6. Be2 O-O 7. Nbd2 d6 8. O-O
Nc6 9. h3 Qe7 10. Rb1 e5 11. dxe5 dxe5 12. Bg5 Rd8 13. Qc2 e4 14. Nd4 Nb4 15.
Qb3 c5 16. a3 Na6 17. Nxe4 fxe4 18. Nb5 Rd2 19. Rfe1 Nc7 20. Rbd1 Rxd1 21. Rxd1
Nxb5 22. Qxb5 Qc7 23. Qb3 h5 24. h4 b6 25. g3 Kh7 26. Bf4 Qe7 27. Bg5 Bh3 28.
Bf1 Bxf1 29. Kxf1 Qf8 30. Qc2 Re8 31. Bf4 Bh6 32. Qa4 Re7 33. Qc6 Bxf4 34. exf4
e3 35. fxe3 Ng4 36. Rd6 Nxe3+ 37. Kf2 Qf5 38. Rd2 Ng4+ 39. Kg2 Qb1 40. Qf3 Qe1
41. Qf1 Qxd2+ 0-1